[Event "Paris GCT 2018-Blitz"]
[Site "Paris"]
[Date "2018.06.23"]
[Round "2"]
[White "Mamedyarov, Shakhriyar"]
[Black "Kramnik, Vladimir"]
[Result "0-1"]
[WhiteElo "2757"]
[BlackElo "2793"]
[Annotator "TA"]
[PlyCount "82"]
[EventDate "2018.06.23"]
[EventType "tourn"]
[EventCountry "FRA"]
[SourceTitle "playchess.com"]
[Source "ChessBase"]
[SourceQuality "1"]

{[%evp 18,82,12,0,10,-8,0,-16,57,45,52,7,0,0,0,-11,-9,-23,-9,-27,0,0,0,0,0,-124,-124,-124,-125,-147,0,-87,-42,-43,-41,-44,-44,-34,0,0,0,-32,-34,-74,0,0,0,0,0,0,0,-8,0,-2,0,0,0,0,0,-8,0,-201,-191,-203,-200,-5560,-2552]} 1. d4 d5 2. c4 e6 3. Nc3 Nf6 4. Bg5 Be7 5. e3 Nbd7 6. Qc2 h6 {D53: Queen's Gambit Declined: 4 Bg5 Be7: Early deviations} 7. Bh4 c5 8. dxc5 O-O 9. Rd1 (9. cxd5 Nxd5 10. Bxe7 Qxe7 11. Nxd5 exd5 12. Nf3 Nxc5 13. Be2 Bg4 14. O-O Rac8 15. Rfd1 Rfd8 16. h3 Ne6 17. Qa4 Bh5 18. Rd2 d4 19. Qxa7 Bxf3 20. Bxf3 Qb4 {½-½ (30) Jobava,B (2712)-Lenic,L (2650) Austria 2018}) 9... Nxc5 10. Nf3 {LiveBook: 3 Games} Bd7 11. Ne5 Rc8 12. Be2 Nfe4 $146 (12... dxc4 $11 13. O-O Nd5 14. Bxe7 (14. Nxd5 Bxh4 15. Nc3 Qc7 $11) 14... Qxe7) ({Predecessor:} 12... dxc4 13. Bxc4 Qa5 14. O-O Be8 15. Rd4 b5 16. b4 Qc7 17. Nxb5 Qxe5 18. Bg3 Qf5 19. Qxf5 exf5 20. bxc5 Rxc5 21. Nd6 {½-½ (21) Endsley,B (2175)-Jean,P (2128) ICCF email 2015}) 13. Bxe7 Qxe7 14. Nxe4 dxe4 15. Nxd7 Nxd7 16. Qxe4 Qb4+ 17. Kf1 Rfd8 $36 {[%mdl 2048] Black has the initiative.} 18. b3 Nf6 19. Qc2 Rxd1+ 20. Qxd1 Qa5 {aiming for ...Rd8.} 21. Bf3 (21. Qc2 $11) 21... Rd8 $17 22. Qb1 Rd2 23. g3 g5 ({Much less strong is} 23... Rxa2 24. Kg2 $15) ({Better is} 23... Qc3 $17 24. Qe1 e5) 24. h3 ({Don't blunder} 24. Bxb7 $2 Ng4 $19) (24. Kg2 $1 $11) 24... Rxa2 25. Kg2 $1 Qd2 {[%csl Ga2][%cal Rd2f2]} 26. Rf1 $1 b6 27. Qc1 a5 28. c5 bxc5 29. Qxc5 Kg7 30. Qc1 {[#]} Nd7 ({Black should play} 30... Qb4 $1 $17 {[%cal Rb4b3]} 31. Qc4 Rb2) 31. Qxd2 $11 Rxd2 32. Rd1 Rxd1 33. Bxd1 {[%mdl 4096] Endgame KB-KN} Nc5 34. Bc2 e5 35. f4 exf4 36. exf4 gxf4 37. gxf4 Ne6 38. Kg3 Kf6 39. Kg4 $2 (39. Bd3 $11) 39... Nd4 $19 40. Bd1 {[#]} Kg6 $1 41. Kh4 $2 (41. f5+ Kf6 42. h4) 41... Nf5+ {Precision: White = 47%, Black = 41%.} 0-1

[Event "Paris GCT 2018-Blitz"]
[Site "Paris"]
[Date "2018.06.23"]
[Round "3"]
[White "Caruana, Fabiano"]
[Black "Aronian, Levon"]
[Result "1/2-1/2"]
[WhiteElo "2816"]
[BlackElo "2764"]
[Annotator "TA"]
[PlyCount "91"]
[EventDate "2018.06.23"]
[EventType "tourn"]
[EventCountry "FRA"]
[SourceTitle "playchess.com"]
[Source "ChessBase"]
[SourceQuality "1"]

{[%evp 16,91,14,0,21,12,20,10,6,6,36,35,35,22,58,55,38,26,39,-96,-91,-79,-72,-122,-92,-122,-122,-198,-115,-118,-127,-179,-121,-139,-92,-146,-137,-134,-149,-220,-199,-212,-183,-212,-181,-265,-90,-166,-161,-208,-81,-83,-83,-84,-43,-42,-7,-7,0,-26,-26,-56,-7,-10,0,0,0,-8,-8,-8,-8,-18,-18,-19,-8,-9,0,-20]} 1. e4 e5 2. Nf3 Nc6 3. Nc3 Nf6 4. a3 Be7 5. d4 exd4 6. Nxd4 {C47: Scotch Four Knights and Four Knights with 4 g3} O-O (6... d6 7. Bc4 O-O 8. O-O Nxd4 9. Qxd4 Nd7 10. Nd5 Bf6 11. Nxf6+ Qxf6 12. Be3 Re8 13. Rae1 Ne5 14. Be2 Qg6 15. Bf4 Qf6 16. Be3 Qg6 17. Bf4 Qf6 {½-½ (17) Safarli,E (2639)-Kravtsiv,M (2672) Riadh 2017}) 7. Nxc6 bxc6 8. e5 Ne8 9. Bd3 {LiveBook: 5 Games} d5 10. O-O $146 ({Predecessor:} 10. exd6 cxd6 11. O-O g6 12. Bh6 Ng7 13. Qd2 {1-0 (35) Vavra,P (2346)-Treybal,D (2236) Olomouc 2005}) 10... f6 11. Bf4 fxe5 12. Bxe5 {next Qh5 is good for White.} Bf6 13. Qe2 Nd6 14. Rae1 Bxe5 15. Qxe5 Bf5 16. Na4 Qh4 17. Bxf5 (17. Nc5 $14 {keeps the upper hand.}) 17... Rxf5 $17 18. Qe6+ Rf7 $1 19. b3 Re8 20. Qxe8+ Nxe8 21. Rxe8+ Rf8 22. Re6 Rf6 $36 {[%mdl 2048] White is under strong pressure.} 23. Re3 (23. Re8+ $17 Kf7 24. Rc8) 23... h6 (23... Qd4 $19 24. c3 Qd2) 24. Nc5 Qg4 25. Nd3 (25. g3 $142) 25... Re6 26. h3 Qf5 27. Rfe1 (27. Rf3 $17 {is a better defense.} Qg5 28. Nc5) 27... Rxe3 $1 $19 28. Rxe3 {[%mdl 4096] Endgame KQ-KRN} Qf6 29. Re5 Kh7 30. b4 {[#]} (30. Kf1 {keeps fighting.}) 30... Qd6 $2 (30... c5 $1 $19 {[%mdl 512] aiming for ...c4.} 31. bxc5 Qa6) 31. Re3 {[#]} (31. f4 $17) 31... a5 $1 {[%mdl 512]} 32. g4 {[#]} (32. bxa5 Qxa3) 32... axb4 (32... Qf6 $1 $19 {is more deadly. Hoping for ...Qa1+.} 33. bxa5 Qa1+ 34. Kg2 Qxa3) 33. axb4 $17 Qf6 34. Kg2 h5 35. Re5 hxg4 36. hxg4 Kg8 37. Re8+ Kf7 38. Re3 {Rf3 is the strong threat.} Qg5 39. Kg3 {The position is equal.} Kg8 40. Re8+ Kh7 41. Re3 (41. Re6 {seems wilder.} c5 42. f4 Qd8 43. Nxc5 Qa8 44. Ra6) 41... Qh6 42. Kg2 Kg8 43. Re2 Qh4 44. f3 Qf6 45. Re5 Qh6 {And now ...Qd2+ would win.} 46. Re2 {Precision: White = 48%, Black = 46%.} 1/2-1/2

[Event "Paris GCT 2018-Blitz"]
[Site "Paris"]
[Date "2018.06.23"]
[Round "3"]
[White "Kramnik, Vladimir"]
[Black "Karjakin, Sergey"]
[Result "0-1"]
[WhiteElo "2787"]
[BlackElo "2782"]
[Annotator "TA"]
[PlyCount "116"]
[EventDate "2018.06.23"]
[EventType "tourn"]
[EventCountry "FRA"]
[SourceTitle "playchess.com"]
[Source "ChessBase"]
[SourceQuality "1"]

{[%evp 9,116,7,12,-6,0,-12,-16,-18,-18,-18,-10,-17,0,0,0,-13,-10,-12,-8,-15,-20,-36,-29,-59,-45,-47,-47,-99,-96,-100,-71,-70,-41,-49,-43,-51,-39,-50,-41,-53,-43,-36,-14,-45,-34,-68,-63,-95,-65,-66,-56,-50,-45,-76,-56,-95,-51,-64,-68,-78,-68,-95,-86,-97,-106,-91,-68,-162,-32,-30,-11,-11,-11,-58,-54,-87,-91,-125,-134,-157,-157,-145,-153,-418,-420,-406,-371,-354,-360,-4108,-4133,-4137,-4137,-4133,-4133,-29952,-29953,-12582,-4133,-29967,-11865,-29969,-29967,-29990,-4837,-29972,-29971,-29962,-12582]} 1. d4 Nf6 2. Nf3 d5 3. c4 e6 4. e3 Be7 5. Nc3 O-O {LiveBook: 644 Games} 6. h3 {D37: Queen's Gambit Declined: 5 Bf4} (6. b3 c5 7. dxc5 dxc4 8. Bxc4 Bxc5 9. O-O Nc6 10. Bb2 Qe7 11. a3 Rd8 12. Qc2 Bd7 13. Ng5 h6 14. Nge4 Nxe4 15. Nxe4 {1-0 (43) Mamedyarov,S (2799)-Cheparinov,I (2710) Riadh 2017}) 6... b6 7. Bd3 Bb7 8. O-O {The position is equal.} dxc4 9. Bxc4 Nbd7 10. Qe2 $146 ({Predecessor:} 10. Re1 c5 11. b3 Ne4 12. Bb2 Ndf6 13. Qe2 a6 14. Nxe4 Nxe4 {1-0 (43) Gajdos,M-Jurcisin,I (2030) Slovakia 1998}) 10... c5 11. Rd1 Qc7 12. e4 {next e5 is good for White.} cxd4 13. Nxd4 a6 14. Bg5 b5 15. Nxe6 Qxc4 16. Qxc4 bxc4 17. Nxf8 Kxf8 18. Rd4 (18. f3 $15) 18... Ne5 $17 19. Rad1 Rc8 20. Na4 Rc6 21. b3 cxb3 22. axb3 Rc2 23. f3 $1 Ke8 24. R4d2 Rxd2 25. Bxd2 Bc6 26. Ra1 Nfd7 27. Be3 Nd3 28. Nc3 Bb7 29. Rd1 Nb4 30. Na4 f6 31. Nb2 Ne5 32. Bd4 Nbc6 33. Bc3 Bc8 34. f4 Nd7 35. Nc4 Nc5 36. Nd6+ Bxd6 $1 37. Rxd6 Bb7 38. b4 (38. e5 $15) 38... Na4 ({Black should play} 38... Nxe4 $19 39. Re6+ Ne7) 39. Ba1 $15 Ke7 40. e5 $1 fxe5 41. fxe5 Nb6 42. Rd3 Nxb4 43. Rg3 g6 $1 {[%cal Bg7g6,Bg6g5][%mdl 32]} 44. Rg4 N6d5 45. Rh4 h5 46. g4 $2 {[#]} (46. Kh2 $17 {keeps fighting.}) 46... Nf4 $1 $19 47. gxh5 g5 48. Rg4 Bc8 ({Stronger than} 48... Nxh3+ 49. Kh2 $16) 49. Rxf4 $2 (49. Rg3 Ne2+ 50. Kh2 Nxg3 51. Kxg3) 49... gxf4 50. h6 Bf5 51. Kf2 Be4 52. Bc3 Nd3+ 53. Ke2 Ke6 (53... f3+ $142 54. Kf1 Bf5) 54. h4 Nxe5 (54... f3+ $142 55. Kf1 Bf5 56. Bd4 a5 57. Be3 f2 58. Bxf2 Nxf2 59. Ke2 Kxe5 60. Ke1 a4 61. Kd2 Kd4 62. Ke2 Nd3 63. Kf3 a3 64. h7 Bxh7 65. Kg4 a2 66. Kg5 a1=Q 67. Kh6 Qa7 68. Kh5 Be4 69. Kh6 Qh7+ 70. Kg5 Qg6#) 55. h5 Ng4 56. Bg7 Kf7 (56... f3+ $142 57. Kd1 f2 58. Ke2 Bg2 59. Kd2 f1=Q 60. Bd4 Be4 61. Kc3 Qd3+ 62. Kb2 Qc2+ 63. Ka3 Bd5 64. Kb4 Qc4+ 65. Ka5 Qb5#) 57. Kf1 f3 58. Bd4 Nxh6 {Precision: White = 31%, Black = 69%.} (58... a5 $142 59. Ke1 {[#]} f2+ $1 {[%mdl 512]} 60. Bxf2 Nxf2 61. Kd2 Nd3 62. Kc2 a4 63. h7 Kg7 64. h8=R Kxh8 65. Kc3 Kh7 66. Kc4 Kh6 67. Kc3 Kxh5 68. Kd4 a3 69. Kxe4 Nf2+ 70. Kf3 Ng4 71. Ke4 a2 72. Kd4 a1=Q+ 73. Kd3 Qb2 74. Kc4 Qd2 75. Kc5 Qc3+ 76. Kb5 Ne5 77. Kb6 Qc6+ 78. Ka5 Qb7 79. Ka4 Qb6 80. Ka3 Nd3 81. Ka4 Qb4#) 0-1

[Event "Paris GCT 2018-Blitz"]
[Site "Paris"]
[Date "2018.06.23"]
[Round "3"]
[White "So, Wesley"]
[Black "Mamedyarov, Shakhriyar"]
[Result "1-0"]
[WhiteElo "2778"]
[BlackElo "2808"]
[Annotator "TA"]
[PlyCount "87"]
[EventDate "2018.06.23"]
[EventType "tourn"]
[EventCountry "FRA"]
[SourceTitle "playchess.com"]
[Source "ChessBase"]
[SourceQuality "1"]

{[%evp 18,87,25,21,22,13,41,20,6,6,6,6,18,0,6,-5,0,-29,40,25,93,96,66,75,87,76,83,27,32,32,43,9,127,137,157,148,145,141,155,0,175,178,187,187,249,257,252,254,254,243,251,247,224,226,267,257,291,287,318,213,319,319,319,316,479,525,1785,1697,1076,1485,1054,1033]} 1. d4 d5 2. c4 c5 3. cxd5 Qxd5 4. Nf3 cxd4 5. Nc3 Qa5 6. Nxd4 {D06: Queen's Gambit: Symmetrical and Baltic Defences} Nf6 7. g3 e5 8. Nb3 Qc7 9. Bg2 Bb4 10. Bd2 {LiveBook: 10 Games. With the idea Rc1.} O-O 11. O-O Rd8 12. Rc1 {Nd5 is the strong threat.} Nc6 $146 13. Qc2 Be6 14. Bg5 Rac8 15. Qb1 Qb6 16. Na4 Qb5 17. Nac5 Bxb3 (17... Bxc5 $1 $11 18. Nxc5 Nd4 19. Nxe6 fxe6 20. Rxc8 Nxe2+ 21. Kh1 Rxc8) 18. Nxb3 $14 {Threatens to win with Bxf6.} Qxe2 (18... Be7 $1 $11 {remains equal.}) 19. Bxf6 $1 $16 gxf6 20. Qf5 Ne7 21. Qxf6 Rxc1 22. Rxc1 ({Better is} 22. Qg5+ $16 Kh8 23. Qxc1 (23. Nxc1 Qxb2 24. Bxb7 Qd4 $16) (23. Rxc1 Rd1+ 24. Rxd1 Qxd1+ 25. Bf1 Nc6 $14)) 22... Rd6 $11 23. Qg5+ Ng6 24. h4 {Hoping for h5.} Be1 {[#]} (24... Kg7 $1 $11) 25. Qf5 $1 $16 {aiming for Rc7.} Nf4 26. gxf4 $40 {[%mdl 128] White goes for the king.} Qxf2+ 27. Kh1 {And now h5 would win.} Rg6 {[%csl Gg6][%cal Rf2g2]} 28. Rc2 $2 (28. Rc8+ $16 Kg7 29. Rc2 (29. Qxe5+ Kh6 $11) 29... Qxh4+ 30. Kg1 Qxf4 31. Qxf4 exf4 32. Kf1) 28... Qxh4+ $2 {[#]} (28... Bd2 $1 $11 29. Qc8+ (29. Rxd2 Qe1+ 30. Kh2 Qg3+ 31. Kh1 Qe1+ 32. Kh2 Qg3+ 33. Kh1 Qe1+ $11) (29. Rc8+ $2 Kg7 $19) 29... Kg7 30. Rxd2 Qe1+ 31. Kh2 Qg3+ 32. Kh1 Qe1+ 33. Kh2 Qg3+ 34. Kh1 Qe1+) 29. Kg1 $1 $18 Bg3 30. Qxe5 Qg4 (30... Bh2+ {was necessary.} 31. Kf1 Rf6) 31. Rd2 {[%cal Rd2d8]} Qh4 32. Nd4 {Qe8+ would kill now.} Bh2+ 33. Kf1 {White threatens Qb8+ and mate.} Qxf4+ 34. Qxf4 Bxf4 35. Re2 h5 36. Bxb7 Kf8 37. Bc6 Bc7 38. Be4 Ra6 (38... Rg4 $142 39. Nf5 h4) 39. Nf5 Re6 40. Bd3 Rb6 (40... Rxe2 {is a better defense.} 41. Bxe2 h4) 41. Rc2 {White is clearly winning.} Bd8 42. Rc8 {[%cal Rc8d8]} Ke8 43. Bb5+ Rxb5 44. Nd6+ {Precision: White = 71%, Black = 45%.} 1-0

[Event "Paris GCT 2018-Blitz"]
[Site "Paris"]
[Date "2018.06.23"]
[Round "3"]
[White "Grischuk, Alexander"]
[Black "Nakamura, Hikaru"]
[Result "0-1"]
[WhiteElo "2766"]
[BlackElo "2769"]
[Annotator "TA"]
[PlyCount "50"]
[EventDate "2018.06.23"]
[EventType "tourn"]
[EventCountry "FRA"]
[SourceTitle "playchess.com"]
[Source "ChessBase"]
[SourceQuality "1"]

{[%evp 21,50,8,11,30,23,0,24,-5,50,50,41,-3,4,-29,-35,-29,-19,-24,-27,-64,-81,-76,0,12,12,12,4,-294,-285,-800,-785]} 1. e4 e5 2. Nf3 Nc6 3. Bb5 Nf6 4. O-O Nxe4 5. Re1 Nd6 6. Nxe5 Be7 7. Bf1 Nf5 {C67: Spanische Partie (Berliner Verteidigung)} 8. Nf3 d5 9. d4 O-O 10. g3 Re8 11. Nc3 Be6 {LiveBook: 8 Partien} 12. Ne2 g5 13. b3 $146 ({Vorgänger:} 13. h3 h6 14. Bg2 Ng7 15. Ne5 {½-½ (44) Vachier Lagrave,M (2804)-Topalov,V (2760) London 2016}) 13... h6 14. h3 Bf6 (14... Qd7 $11) 15. c3 $14 Nd6 16. Bg2 Bg7 17. Be3 Qd7 18. h4 f6 19. hxg5 hxg5 20. Bxg5 fxg5 21. Nxg5 {[#]} Bg4 (21... Bh6 $1 $17 {[%cal Rh6g5]} 22. Nxe6 Qxe6) 22. Bxd5+ $11 Kh8 $1 {Und weiter mit ...Df5 wäre nett.} 23. Kg2 $1 {Droht stark Th1+.} Bh6 $1 {[%cal Rh6g5]} ({Falsch wäre} 23... Nf5 $2 {[#]} 24. Nf4 $1 $16 {[%mdl 512]}) 24. Qd3 $2 {[%mdl 8192]} (24. Rh1 $11 Kg7 25. Rxh6 Kxh6 26. Qd2) 24... Bf5 $19 25. Rh1 $2 (25. Qf3 Kg7 26. Ne6+ (26. Qh5 $2 Bg4 $19) 26... Rxe6 27. Bxe6 Qxe6 28. Nf4) 25... Bxd3 {Precision: Weiß = 24%, Schwarz = 46%.} 0-1

[Event "Paris GCT 2018-Blitz"]
[Site "Paris"]
[Date "2018.06.23"]
[Round "3"]
[White "Anand, Viswanathan"]
[Black "Vachier-Lagrave, Maxime"]
[Result "0-1"]
[WhiteElo "2759"]
[BlackElo "2789"]
[Annotator "TA"]
[PlyCount "66"]
[EventDate "2018.06.23"]
[EventType "tourn"]
[EventCountry "FRA"]
[SourceTitle "playchess.com"]
[Source "ChessBase"]
[SourceQuality "1"]

{[%evp 14,66,0,13,24,26,48,34,39,18,35,35,43,34,41,37,41,3,69,75,63,43,89,85,85,69,73,76,74,41,92,81,85,68,103,103,94,50,52,0,0,0,0,-108,-95,-508,-508,-683,-683,-879,-865,-870,-847,-2621,-2601]} 1. e4 c5 2. Nf3 d6 3. d4 cxd4 4. Nxd4 Nf6 5. Nc3 a6 6. h3 e5 7. Nf3 {B90: Sizilianisch (Najdorf-Variante, Abweichungen)} (7. Nde2 b5 8. Ng3 Qc7 9. Bd3 g6 10. O-O Bg7 11. Bd2 O-O 12. a4 b4 13. Na2 a5 14. c3 bxc3 15. Nxc3 Be6 {½-½ (40) Svidler,P (2760)-Khismatullin,D (2632) Sochi 2018}) 7... h6 8. Bc4 {LiveBook: 3 Partien} Qc7 9. Bb3 {Weiß hat minimalen Vorteil.} Be6 $146 ({Vorgänger:} 9... Be7 10. O-O O-O 11. Nh4 Nc6 12. Ng6 Re8 13. Nxe7+ Rxe7 14. Be3 Na5 {1-0 (51) Mozharov,M (2564)-Ott,F (2254) Pardubice 2015}) 10. O-O Nbd7 11. Be3 Be7 12. Nh4 O-O 13. Nf5 Bxf5 14. exf5 b5 15. Qe2 Nb6 ({Günstiger ist} 15... Rac8 $11) 16. Bxb6 $14 Qxb6 17. a4 {[%cal Ra4b5]} Rab8 18. axb5 axb5 19. Nd5 Nxd5 20. Bxd5 Bf6 21. Rfd1 Rfc8 (21... e4 $1 $14) 22. c3 {[%cal Bc2c3,Bc3c4][%mdl 32]} Rc7 23. Be4 b4 {[#]} 24. c4 $1 b3 25. Ra3 Qc5 26. Bd5 (26. Ra4 $14 Rb4 27. Rxb4 Qxb4 28. Bd5) 26... e4 $1 $11 {[%cal Be5e4,Be4e3][%mdl 32]} 27. Ra4 Re7 {Droht stark ...e3.} 28. Kf1 (28. Kh2 $11 {hält das Gleichgewicht.}) 28... e3 $17 29. f4 $2 {[%mdl 8192] [#]} (29. fxe3 $17 {leistet mehr Widerstand.} Rxe3 30. Qd2) 29... Bxb2 $1 $19 {[%mdl 512] Schwarz steht klar auf Gewinn.} 30. Ra6 (30. Qxb2 e2+) 30... Bf6 31. g4 b2 32. Rb1 Qd4 33. Rxd6 Qxf4+ {Precision: Weiß = 44%, Schwarz = 59%.} 0-1

[Event "Paris GCT 2018-Blitz"]
[Site "Paris"]
[Date "2018.06.23"]
[Round "4"]
[White "Mamedyarov, Shakhriyar"]
[Black "Caruana, Fabiano"]
[Result "0-1"]
[WhiteElo "2808"]
[BlackElo "2816"]
[Annotator "TA"]
[PlyCount "80"]
[EventDate "2018.06.23"]
[EventType "tourn"]
[EventCountry "FRA"]
[SourceTitle "playchess.com"]
[Source "ChessBase"]
[SourceQuality "1"]

{[%evp 14,80,-32,-46,-24,-31,-23,-38,-47,-41,-47,-43,0,0,0,-13,-12,-29,-33,-29,-25,-75,-85,-95,-62,-64,-72,-51,-56,-54,0,0,0,0,0,0,0,0,56,0,53,0,57,34,20,0,93,77,112,0,25,0,13,15,17,17,32,25,33,-207,-199,-199,-197,-260,-221,-628,-621,-1289,-1288]} 1. d4 Nf6 2. c4 e6 3. Nf3 d5 4. Bg5 Bb4+ 5. Nbd2 dxc4 6. e3 {D30: Damengambit (ohne Sc3)} (6. a3 Bxd2+ 7. Qxd2 Ne4 8. Bxd8 Nxd2 9. Nxd2 Kxd8 10. Nxc4 b6 11. h4 Nd7 12. Rc1 Bb7 13. h5 Rc8 {½-½ (49) Navara,D (2727)-Harikrishna,P (2732) Prague 2018}) 6... b5 7. a4 (7. Be2 Bb7 8. O-O O-O 9. b3 c3 10. a3 Be7 11. Nb1 c5 12. Nxc3 a6 13. dxc5 Bxc5 {1-0 (43) Mamedyarov,S (2804)-Caruana,F (2811) Wijk aan Zee 2018}) 7... c6 8. Be2 {LiveBook: 3 Partien. Schwarz steht etwas besser.} O-O 9. O-O Nbd7 10. Qc2 $146 ({Vorgänger:} 10. b3 c3 11. Ne4 Bb7 12. Nxf6+ Nxf6 13. axb5 cxb5 14. Bxb5 {1-0 (35) Taboas Rodriguez,D (2394)-Aranda Marin,C (2352) Madrid 2016}) 10... a5 11. b3 cxb3 12. Qxc6 Rb8 {Und ...Lb7 würde nun gewinnen.} (12... Ra6 $5 {[%cal Ra6c6]} 13. Qc1 bxa4 $1 {[%mdl 512]} 14. Rxa4 Ra8 $15) 13. Bxb5 Bb7 14. Qc1 Rc8 15. Qd1 b2 $36 {[%mdl 2048] Weiss steht unter Druck.} 16. Rb1 Bc3 17. Qb3 {[#]} Nb6 $1 18. Rxb2 Bd5 19. Qa3 Bxb2 20. Qxb2 h6 21. Bh4 Qc7 (21... Bxf3 $15 22. Nxf3 Qc7) 22. Bxf6 $1 $11 gxf6 23. e4 $1 {[%cal Re4d5]} Ba8 24. Qa3 Kg7 25. Qe3 Rfd8 (25... Bc6 $11) 26. h3 (26. d5 $1 $14) 26... Qd6 (26... f5 $11) 27. Rb1 (27. d5 $14) 27... Rb8 (27... f5 $1 $11) 28. Re1 {[%mdl 1024] Weiss hat Kompensation.} Rg8 29. Nf1 Kh7 (29... f5 $1 $11) 30. Bd3 $16 {Und weiter mit e5+ wäre nett.} Qf8 31. N3h2 (31. Ng3 $16) 31... Qg7 {[%csl Gg8][%cal Rg7g2]} 32. Ng4 Kh8 {...h5 ist eine echte Drohung.} 33. Ng3 $1 ({Bitte nicht} 33. Qxh6+ Qxh6 34. Nxh6 Rgf8 $15) 33... Qg5 34. f4 {[%cal Bf2f4,Bf4f5][%mdl 32]} Qh4 35. f5 Qg5 36. e5 $2 (36. Nxh6 $14 {behält die Oberhand.} Qxe3+ 37. Rxe3) 36... Qxe3+ $19 ({Minderwertig wäre} 36... Nxa4 37. Nxh6 Rgf8 38. exf6 $11) 37. Rxe3 Nd5 38. Re1 (38. Rf3 $142 fxe5 39. Be4 exd4 40. fxe6 fxe6 41. Ne5) 38... Rb3 39. Rd1 $2 (39. Nh5 Rxd3 40. fxe6 fxe6 41. exf6) 39... Nf4 40. Nxf6 Rxg3 {Precision: Weiß = 40%, Schwarz = 51%.} 0-1

[Event "Paris GCT 2018-Blitz"]
[Site "Paris"]
[Date "2018.06.23"]
[Round "4"]
[White "Karjakin, Sergey"]
[Black "So, Wesley"]
[Result "1-0"]
[WhiteElo "2782"]
[BlackElo "2778"]
[Annotator "TA"]
[PlyCount "81"]
[EventDate "2018.06.23"]
[EventType "tourn"]
[EventCountry "FRA"]
[SourceTitle "playchess.com"]
[Source "ChessBase"]
[SourceQuality "1"]

{[%evp 23,81,-9,0,-11,-3,-3,-3,-10,-6,-18,0,0,0,0,0,0,0,0,0,-10,0,0,0,0,6,10,7,0,0,0,72,29,31,-6,21,23,166,185,166,155,455,454,431,426,402,223,874,1014,925,959,832,816,1066,925,29988,29989,29989,29974,29991,29992]} 1. e4 e6 2. d4 d5 3. Nc3 Bb4 4. e5 c5 5. a3 Bxc3+ 6. bxc3 Ne7 7. h4 {[%cal Bh2h4,Bh4h5][%mdl 32]} Qc7 8. h5 h6 9. Nf3 b6 10. a4 Ba6 {C19: French: 3 Nc3 Bb4: Main line: 7 Nf3 and 7 a4} 11. Bb5+ Bxb5 12. axb5 a5 {LiveBook: 3 Games. The position is equal.} (12... a6 13. O-O Ra7 14. bxa6 Rxa6 15. Rxa6 Nxa6 {1-0 (36) Hansen,E (2614)-Cuenca Jimenez,J (2513) Linares 2017}) 13. bxa6 Rxa6 14. Rxa6 Nxa6 15. Qd3 Nb8 16. O-O Nd7 $146 ({Predecessor:} 16... O-O 17. Bf4 Rc8 18. Rb1 {0-1 (32) Ranieri,F (2216)-Sedina,E (2382) Italy 2004}) 17. Bf4 O-O 18. Ra1 Rc8 19. Qd2 Kh7 20. Qd3+ Kg8 21. Qd2 Kh7 22. g4 Qc6 23. Qd3+ Kh8 24. Bg3 Ra8 25. Rxa8+ Qxa8 26. Bh4 Ng8 (26... Nc6 $11) 27. Kg2 (27. Qb5 $5 {[%cal Rb5d7]} Qc8 28. Kg2 $14) 27... Qa4 28. g5 Qc4 29. Qd2 {aiming for Qf4.} b5 (29... hxg5 $11 {and Black stays safe.} 30. Bxg5 cxd4) 30. Qf4 $18 cxd4 31. Qxf7 d3 $2 {[#]} (31... dxc3 $16 32. Qxd7 Qg4+ 33. Bg3 hxg5) 32. cxd3 Qg4+ 33. Bg3 Nc5 34. gxh6 $40 {[%mdl 128] White is out for blood.} (34. Nh4 $142 Qxg5 35. Ng6+ Kh7 36. Nf8+ Kh8 37. d4) 34... gxh6 $2 (34... Nxd3 35. hxg7+ Qxg7 36. Qxg7+ Kxg7) 35. Nh4 {[#] White wants to mate with Ng6+.} Qg7 36. Ng6+ Kh7 37. Qe8 d4 38. cxd4 Qb7+ 39. Kh2 {White mates.} Nxd3 40. Qxe6 Qf3 41. Qd7+ {Precision: White = 74%, Black = 32%.} 1-0

[Event "Paris GCT 2018-Blitz"]
[Site "Paris"]
[Date "2018.06.23"]
[Round "4"]
[White "Nakamura, Hikaru"]
[Black "Vachier-Lagrave, Maxime"]
[Result "1/2-1/2"]
[WhiteElo "2769"]
[BlackElo "2789"]
[Annotator "TA"]
[PlyCount "80"]
[EventDate "2018.06.23"]
[EventType "tourn"]
[EventCountry "FRA"]
[SourceTitle "playchess.com"]
[Source "ChessBase"]
[SourceQuality "1"]

{[%evp 9,80,0,0,0,-7,-14,21,14,16,11,22,8,27,26,16,19,26,43,55,45,48,0,0,0,31,2,29,29,116,26,43,4,15,0,0,-18,0,0,0,0,0,0,0,0,0,0,5,10,9,7,16,3,14,0,0,0,0,0,0,0,0,0,0,0,0,0,0,0,0,-5,0,0,0]} 1. Nf3 c5 2. e4 d6 3. Nc3 Nf6 4. h3 a6 5. a4 Nc6 6. d4 {B50: Sicilian: 2...d6, Miscellaneous} cxd4 7. Nxd4 g6 8. Be3 Bg7 9. g3 O-O 10. Bg2 Bd7 11. O-O Ne5 12. Nde2 Nc4 $146 ({Predecessor:} 12... Rc8 13. Ra2 Nc6 14. Ra3 Na5 15. b3 Qc7 16. Qd2 Rfd8 17. Raa1 Be8 18. Rad1 b5 19. axb5 axb5 20. Rc1 Nb7 {0-1 (45) Sveshnikov,E (2525)-Lobron,E (2440) Manila 1982}) 13. Bc1 $1 Rc8 14. b3 Ne5 15. Bb2 b5 16. axb5 axb5 17. Nd4 b4 18. Nd5 e6 (18... Nxd5 $11 19. exd5 Qb6) 19. Nxf6+ (19. Nxb4 $16 {Threatens to win with f4.} Qb6 20. c3) 19... Bxf6 $11 20. Qd2 Qb6 {The position is equal.} 21. Kh2 Bg7 22. Rad1 Rfd8 23. f4 Nc6 24. Nxc6 Bxc6 25. Bxg7 Kxg7 26. Qd4+ Qxd4 27. Rxd4 Ba8 28. Rf2 Rb8 29. Rfd2 Rb6 30. Rc4 d5 31. Rc7 Rc6 32. Rxc6 Bxc6 {[%mdl 4096] Endgame KRB-KRB} 33. Rd4 Rb8 34. exd5 exd5 35. g4 ({Don't blunder} 35. Bxd5 $2 Rd8 $19) 35... Kf6 36. Kg3 ({Of course not} 36. Bxd5 Rd8 $17) 36... Ke6 37. Bf1 Kd6 38. Rd2 Re8 39. h4 Kc5 40. Bg2 Re3+ {Precision: White = 56%, Black = 56%.} 1/2-1/2